00805nam a22002297a 4500003000500000005001700005008004100022010001000063011001000073020001500083035001100098040000900109245008300118260009500201300002800296490003100324650003700355650002400392710006300416710006500479830003100544CHAP20220329143502.0100125s2000 mx a r 00010 spa d a97367 a98339 a9701859294 a109024 cCHAP00aPlantas silvestres que se comen en Ixhuatlán del café, Veracruzc/por INAH aMéxico, D.F. :bINAH. Proyecto Actores Sociales de la Flora Medicinal en México,c2000 a47 p. :bilus., cuadros 0aSerie Patrimonio vivov; 414aPlantas comestiblesxTrópicos.14aPlantas silvestres.0 aInstituto Nacional de Antropología e Historia. México.2 aProyecto Actores Sociales de la Flora Medicinal en México. 0aSerie Patrimonio vivov; 4